LEADER 03556nam a2200709 i 4500
001 mzk03001243167
003 CZ BrMZK
005 20180419102335.0
007 ta
008 180322s1555 fr fr|||||00| ||latod
040 |a BOA001  |b cze  |e rda 
072 7 |a 821.124  |x Latinská literatura, latinsky psaná  |2 Konspekt  |9 25 
072 7 |a 094  |x Staré tisky  |2 Konspekt  |9 12 
080 |a 821.124  |2 MRF 
080 |a 930  |2 MRF 
080 |a 82-96/-97  |2 MRF 
080 |a 025.171  |2 MRF 
080 |a (0.068)094  |2 MRF 
100 1 |a Rhenanus, Beatus,  |d 1485-1547  |7 js20020115025  |4 aut 
245 1 0 |a IN TITVM LIVIVM ANNOTATIONES /  |c PER Beatum Rhenanum, & Sigismundum Gelenium 
246 3 3 |a IN TITVM LIVIVM ANNOTATIONES 
246 3 3 |a IN TITUM LIVIUM ANNOTATIONES 
246 3 8 |a In Liuium Annotationes 
264 1 |a LVGDVNI :  |b APVD SEB. GRYPHIVM,  |c 1555 
300 |a 413 stran ;  |c 8° 
336 |a text  |b txt  |2 rdacontent 
337 |a bez média  |b n  |2 rdamedia 
338 |a svazek  |b nc  |2 rdacarrier 
500 |a Rozsah: 413 s. 
500 |a Výzdoba: Na titulním listu nad impresem tiskařský signet dřevořezem s devízou: "VIRTVTE DVCE, COMITE FORTVNA" (gryf stojící na podstavci, který je spojen s okřídlenou koulí), iniciály 
500 |a Na hřbetě nalepený štítek se signaturou XXII. G. ß. 32. 
501 |a Obsahuje: Přívazek Henrici Glareani In Titvm Livivm Annotationes, Cvm Chronologia ... / Henricus Glareanus 
561 |a Provenience: [m.p.] Monasterij S. Wenceslaj Braunae 1649 
561 |a Provenience: [m.p.] Ex libris Wentz ….. 1628 
561 |a Provenience: [m.p.] Ex libris M. Jacobi Hipneris P. p. 
561 |a Provenience: [m.p.] Ex libris Henrrnnis ...lupe... 
561 |a Provenience: [m.p.] Ex libris, eruditi ... b... ... 
561 |a Provenience: [razítko] S.A.B. BRAUNAU 
561 |a Provenience: [razítko] SVK HK/1650 
563 |a Původní usňová vazba, lepenkové desky potažené vepřovicí s rostlinným a figurálním slepotiskem v rámcích, postavy s popisky, uprostřed knižní desky vyobrazena žena, v pozadí loď a město, ve spodní části text: RASSIBVS AMBICVIS FORTVNA VOLVBILIS ERRAT, na zadní knižní desce vyobrazena žena držící v rukou váhu a meč, ve spodní části text: SVVM CVI QVAE IVSTETRIBVO, ořízka barvená červeně, na hřbetě rukopisný nápisový štítek 
650 7 |a latinsky psaná literatura  |7 ph122193  |2 czenas 
650 7 |a historiografie  |7 ph114672  |2 czenas 
650 7 |a komentáře textů  |7 ph861980  |2 czenas 
650 7 |a historické knihovní fondy  |7 ph172933  |2 czenas 
655 7 |a staré tisky  |7 fd422076  |2 czenas 
700 1 |a Livius, Titus,  |d asi 59 př. Kr.-asi 17 po Kr.  |7 jn19981001759  |4 ant 
700 1 |a Hrubý z Jelení, Zikmund,  |d 1497-1554  |7 jk01042995  |4 aut 
700 1 |a Velcurio, Joannes,  |d -1607  |7 ola2004262606  |4 aut 
700 1 |a Saxonius, Johannes,  |d 1537-1588  |4 aut 
856 4 2 |u http://books.google.cz/books?vid=NKP:1003276677&printsec=frontcover  |y Digitalizovaný dokument  |z Exemplář z Národní knihovny ČR 
903 |a RP 
910 |a NAG950  |b B - XXII. G. bb. 32,1 
978 |b Gryphius, Sébastien  |a Lyon  |c 1555 
981 1 |a Hipner, Jacob 
982 0 |a Broumov - benediktinský klášter 1649 
982 0 |a Hradec Králové - SVK 
984 |a Lyon  |b Francie 
985 |a 1551-1600 
990 |a BK 
991 |k broumov 
980 |c 000919  |g B - XXII. G. bb. 32,1  |1 458950000919  |p XXII. G. 5. 
994 |a DN  |l MZK03  |b 001243176  |m záznam 1. díla (pro objednání pokračujte kliknutím)  |n přívazek